| 000 | 00317nam a22001217a 4500 | ||
|---|---|---|---|
| 020 | _a07--94224-2 | ||
| 082 | _a363.111 RED'I | ||
| 100 |
_aREDDING, R. J _979344 |
||
| 245 | _aINTRINSIC SAFETY THE SAFE USE OF ELECTRONIC IN HAZARDOUS LOCATIONS | ||
| 260 |
_aNEYORK _bMCGRAW HILL _c1971 |
||
| 300 | _a180P | ||
| 942 | _cBK | ||
| 999 |
_c584389 _d584389 |
||